• 首页
  • 本馆介绍
  • 公告通知
  • 最新文献
  • 馆藏检索
  • 电子资源
  • 读者导购
  • 参考咨询
  • 我的图书馆
  • 登录
  • 详细信息显示
  • 放入我的书架
  • 预约/预借图书
  • 作者相关作品
  • 分类相关作品
  • 丛书相关作品
  • 出版社相关作品

书目信息

  • 表格格式
  • 工作单格式
  • 卡片格式
题名:
中国西南野生动物图谱
    
 
作者: 朱建国 总主编 ;买国庆 主编
分册: 上   昆虫卷
出版信息: 北京   北京出版社  2020.03
页数: 468页
开本: 29cm
丛书名:
单 册:
中图分类: Q958.527-64 , Q968.227-64
科图分类:
主题词: 野生动物--ye sheng dong wu--西南地区--中国--图谱 , 昆虫--kun chong--西南地区--中国--图谱
电子资源:
ISBN: 978-7-200-14493-2
000 01321nam0 2200289 450
001 0109110141
005 20201109141518.20
010    @a978-7-200-14493-2@b精装@dCNY498.00
100    @a20200911d2020 em y0chiy50 ea
101 0  @achi@elat
102    @aCN@b110000
105    @aa z 001yy
106    @ar
200 1  @a中国西南野生动物图谱@Azhong guo xi nan ye sheng dong wu tu pu@i昆虫卷@h上@dAtlas of wildlife in Southwest China@iInsect@hI@f朱建国总主编@g买国庆主编@zeng
210    @a北京@c北京出版社@d2020.03
215    @a468页@d29cm
330    @a本书共收录介绍了分布在我国西南地区西藏、云南、四川、重庆、贵州、广西6省(直辖市、自治区)几百种昆虫及其生态照片。物种介绍包括物种分类地位,如所属目、科、属和种的中文名和拉丁名,保护状况、体形或大小、主要形态识别特征、主要生物学或生态习性,地理分布,以及生态照片的拍摄地点和拍摄时间等。书后附有主要参考资料、物种学名索引。
510 1  @aAtlas of wildlife in Southwest China@iInsect@hI@zeng
517 1  @a昆虫卷@Akun chong juan
606 0  @a野生动物@Aye sheng dong wu@y西南地区@y中国@j图谱
606 0  @a昆虫@Akun chong@y西南地区@y中国@j图谱
690    @aQ958.527-64@v5
690    @aQ968.227-64@v5
701  0 @a朱建国@AZhu Jian Guo@4总主编
702  0 @a买国庆@Amai guo qing@4主编
801  0 @aCN@bBJSZM@c20201103
905    @b1213675-6@dQ958.527-64@e287:1@f2
    
    中国西南野生动物图谱.昆虫卷.上=Atlas of wildlife in Southwest China.Insect.I/朱建国总主编/买国庆主编.-北京:北京出版社,2020.03
    468页;29cm
    
    
    ISBN 978-7-200-14493-2(精装):CNY498.00
    本书共收录介绍了分布在我国西南地区西藏、云南、四川、重庆、贵州、广西6省(直辖市、自治区)几百种昆虫及其生态照片。物种介绍包括物种分类地位,如所属目、科、属和种的中文名和拉丁名,保护状况、体形或大小、主要形态识别特征、主要生物学或生态习性,地理分布,以及生态照片的拍摄地点和拍摄时间等。书后附有主要参考资料、物种学名索引。
●
相关链接 在E读中查询图书 在五车中查询图书 在当当中查询图书 在豆瓣中查询图书


正题名:中国西南野生动物图谱     索取号:Q958.527-64/287:1         预约/预借

序号 登录号 条形码 馆藏地/架位号 状态 备注
1 1213675   212136758   第二样本阅览室/ [索取号:Q958.527-64/287:1] 在馆    
2 1213676   212136767   第三借阅区/ [索取号:Q958.527-64/287:1] 在馆    
唐山师范学院图书馆 欢迎您!
大连网信软件有限公司© 版权所有